000 00663nam a2200133Ia 4500
008 171212s9999 xx 000 0 und d
020 _a9780833044976
100 _aToman, Michael;Griffin, James;Lempert, Robert J.
245 _cToman, Michael;Griffin, James;Lempert, Robert J.
_aImpacts on U.S. Energy Expenditures and Greenhouse-Gas Emissions of Increasing Renewable-Energy Use
260 _bRAND Corporation
_c2008
650 _aPolitical Science
650 _aRenewable energy sources -- United States; Greenhouse gas mitigation -- Economic aspects -- United States; Power resources -- United States -- Costs
856 _uwww.jstor.org/stable/10.7249/tr384efc
999 _c352169
_d352169